[Event "Ghent TP Masters"]
[Site "Ghent"]
[Date "2025.07.19"]
[Round "2"]
[White "Pijpers, Arthur"]
[Black "Van Volsem, Merlijn"]
[Result "1/2-1/2"]
[WhiteElo "2500"]
[BlackElo "2278"]
[PlyCount "45"]
[EventDate "2025.07.19"]
[EventType "tourn"]
[EventRounds "9"]
[EventCountry "BEL"]
[EventCategory "6"]
[SourceTitle "CB30_2025"]
[SourceDate "2025.07.23"]
[SourceVersion "1"]
[SourceVersionDate "2025.07.23"]
[SourceQuality "1"]

1. e4 c5 2. Nf3 g6 3. d4 cxd4 4. Nxd4 Nc6 5. Nc3 Bg7 6. Be3 Nf6 7. Bc4 Qa5 8. 0-0 0-0 9. Bb3 d6 10. h3 Bd7 11. Re1 Rac8 12. Nd5 Rfe8 13. Nxf6+ Bxf6 14. c3 Ne5 15. Qe2 Qa6 16. Qxa6 bxa6 17. Rad1 a5 18. Ne2 a4 19. Bc2 Nc4 20. Bc1 Rb8 21. b3 axb3 22. axb3 Na5 23. Be3 1/2-1/2

[Event "Tata Steel-B 87th"]
[Site "Wijk aan Zee"]
[Date "2025.01.25"]
[Round "7"]
[White "Nogerbek, Kazybek"]
[Black "Pijpers, Arthur"]
[Result "1/2-1/2"]
[WhiteElo "2514"]
[BlackElo "2474"]
[PlyCount "93"]
[EventDate "2025.01.18"]
[EventType "tourn"]
[EventRounds "13"]
[EventCountry "NED"]
[EventCategory "12"]
[SourceTitle "CB06_2025"]
[SourceDate "2025.02.05"]
[SourceVersion "1"]
[SourceVersionDate "2025.02.05"]
[SourceQuality "1"]

1. e4 c5 2. Nf3 d6 3. Nc3 Nc6 4. Bb5 e5 5. d3 Nf6 6. a4 Be7 7. h3 0-0 8. Bc4 Be6 9. Ng5 Qd7 10. 0-0 Bxc4 11. dxc4 h6 12. Nf3 Nd4 13. Be3 Qc6 14. Re1 Bd8 15. Nd2 Nh7 16. Nd5 Qd7 17. Ra3 Ne6 18. Qh5 Kh8 19. h4 Nd4 20. Bxd4 cxd4 21. Rf3 Qxa4 22. Rxf7 Rxf7 23. Qxf7 Bxh4 24. b3 Qa5 25. Nf3 Ng5 26. b4 Nxf7 27. bxa5 Bf6 28. Rb1 Nd8 29. c5 dxc5 30. Nd2 Rc8 31. Nc4 Rc6 32. g3 g5 33. Nxf6 Rxf6 34. Rb5 Rc6 35. Nxe5 Rc7 36. Kg2 Kg7 37. f4 gxf4 38. gxf4 Ne6 39. Kf3 c4 40. Rb4 d3 41. c3 d2 42. Rb1 Nc5 43. Ke3 Nb3 44. Ke2 Nc5 45. Ke3 Nb3 46. Ke2 Nc5 47. Ke3 1/2-1/2

[Event "Bruges Thinkers Publishing"]
[Site "Bruges"]
[Date "2024.08.15"]
[Round "8"]
[White "Injac, Teodora"]
[Black "Pijpers, Arthur"]
[Result "1/2-1/2"]
[WhiteElo "2411"]
[BlackElo "2475"]
[PlyCount "69"]
[EventDate "2024.08.10"]
[EventType "tourn"]
[EventRounds "9"]
[EventCountry "BEL"]
[EventCategory "6"]
[SourceTitle "CBM 221 Extra"]
[Source "ChessBase"]
[SourceDate "2024.09.30"]
[SourceVersion "1"]
[SourceVersionDate "2024.09.30"]
[SourceQuality "1"]

1. c4 g6 2. Nc3 c5 3. g3 Bg7 4. Bg2 Nc6 5. a3 a6 6. Rb1 Rb8 7. b4 cxb4 8. axb4 b5 9. cxb5 axb5 10. Nf3 d5 11. d4 e6 12. Bf4 Rb6 13. e4 Nge7 14. e5 Nf5 15. Qd2 f6 16. h4 h5 17. 0-0 0-0 18. Rfc1 Bd7 19. Bh3 fxe5 20. dxe5 Qe7 21. Re1 Ra8 22. Bf1 Nxb4 23. Nxb5 Nc6 24. Nd6 Rbb8 25. Nxf5 gxf5 26. Nd4 Nxd4 27. Qxd4 Qe8 28. Rec1 Bb5 29. Bxb5 Rxb5 30. Kg2 Rxb1 31. Rxb1 Rb8 32. Ra1 Ra8 33. Rb1 Rb8 34. Ra1 Ra8 35. Rb1 1/2-1/2

[Event "NED-ch KO"]
[Site "Utrecht"]
[Date "2024.07.07"]
[Round "1.2"]
[White "Pijpers, Arthur"]
[Black "Tiviakov, Sergei"]
[Result "0-1"]
[WhiteElo "2460"]
[BlackElo "2519"]
[PlyCount "90"]
[EventDate "2024.07.06"]
[EventType "k.o."]
[EventRounds "4"]
[EventCountry "NED"]
[SourceTitle "CBM 221 Extra"]
[Source "ChessBase"]
[SourceDate "2024.09.30"]
[SourceVersion "1"]
[SourceVersionDate "2024.09.30"]
[SourceQuality "1"]

1. e4 e6 2. d4 d5 3. Nc3 dxe4 4. Nxe4 Nd7 5. Nf3 Ngf6 6. Nxf6+ Nxf6 7. Be3 Bd6 8. Bd3 b6 9. Qe2 Bb7 10. 0-0-0 0-0 11. Rhe1 Nd5 12. Kb1 Nxe3 13. fxe3 Qe7 14. e4 e5 15. Bc4 Rae8 16. d5 Bc8 17. Bb5 Bd7 18. g4 a6 19. Bxd7 Qxd7 20. Rg1 b5 21. Rd3 Bc5 22. Rg3 b4 23. Rd1 a5 24. Qc4 Bb6 25. h3 Qd6 26. Nd2 Rb8 27. Rf3 a4 28. Qb5 a3 29. Nc4 Qg6 30. Rf5 Bd4 31. Qa5 axb2 32. Nxe5 Bxe5 33. Rxe5 Qf6 34. Rf5 Qc3 35. Rd3 Qe1+ 36. Kxb2 Ra8 37. Qc5 Qxe4 38. d6 cxd6 39. Qd5 Qe7 40. Rf4 Ra4 41. Qxd6 Qa7 42. Qd5 Ra5 43. Qc4 Ra8 44. Qxb4 Rb8 45. Kc1 g5 0-1

[Event "NED-chT Cup"]
[Site "Haarlem"]
[Date "2024.05.09"]
[Round "1.7"]
[White "Pijpers, Arthur"]
[Black "Van Delft, Merijn"]
[Result "0-1"]
[WhiteElo "2464"]
[BlackElo "2376"]
[PlyCount "62"]
[EventDate "2024.05.09"]
[EventType "team-k.o."]
[EventRounds "3"]
[EventCountry "NED"]
[SourceTitle "CBM 220 Extra"]
[Source "ChessBase"]
[SourceDate "2024.07.31"]
[SourceVersion "1"]
[SourceVersionDate "2024.07.31"]
[SourceQuality "1"]
[WhiteTeam "Leiden IntelliMagic"]
[BlackTeam "Apeldoorn"]
[WhiteTeamCountry "NED"]
[BlackTeamCountry "NED"]

1. e4 c5 2. Nc3 d6 3. f4 g6 4. Nf3 Bg7 5. a3 Nc6 6. Bb5 Bd7 7. 0-0 Nd4 8. Nxd4 cxd4 9. Bxd7+ Qxd7 10. Ne2 f5 11. exf5 Qxf5 12. d3 Nh6 13. h3 Rc8 14. g4 Qc5 15. f5 gxf5 16. Nf4 fxg4 17. b4 Qf5 18. Ng2 Qh5 19. Qe2 Be5 20. h4 Nf5 21. Bf4 Bxf4 22. Rxf4 Nxh4 23. Rxg4 Ng6 24. Re1 Rxc2 25. Qe6 Ne5 26. Rf4 Rxg2+ 27. Kxg2 Qg5+ 28. Kh1 Qxf4 29. Qc8+ Kf7 30. Qxh8 Qh4+ 31. Kg2 Qxe1 0-1

[Event "BEL-chT 2324"]
[Site "Belgium"]
[Date "2024.03.24"]
[Round "10.4"]
[White "Pijpers, Arthur"]
[Black "Beukema, Stefan"]
[Result "0-1"]
[WhiteElo "2429"]
[BlackElo "2425"]
[PlyCount "92"]
[EventDate "2023.09.24"]
[EventType "team-tourn"]
[EventRounds "11"]
[EventCountry "BEL"]
[SourceTitle "EXT 2025"]
[Source "ChessBase"]
[SourceDate "2024.10.14"]
[SourceVersion "1"]
[SourceVersionDate "2024.10.14"]
[SourceQuality "1"]
[WhiteTeam "KGSRL"]
[BlackTeam "Wetteren"]
[WhiteTeamCountry "BEL"]
[BlackTeamCountry "BEL"]

1. e4 e5 2. Nf3 Nc6 3. Bb5 a6 4. Ba4 Nf6 5. 0-0 Be7 6. Re1 b5 7. Bb3 d6 8. c3 0-0 9. h3 Na5 10. Bc2 c5 11. d4 Qc7 12. d5 Bd7 13. b3 g6 14. Bh6 Rfc8 15. Nbd2 Nh5 16. Nf1 f6 17. g4 Ng7 18. Ng3 Nb7 19. Nd2 Nd8 20. Kh2 Nf7 21. Be3 Qa5 22. c4 b4 23. Qe2 Rf8 24. a3 bxa3 25. Ra2 Bc8 26. Rea1 Qc7 27. Rxa3 Qd7 28. Rg1 h5 29. Nf5 hxg4 30. Qxg4 Ng5 31. h4 gxf5 32. exf5 Kf7 33. Ne4 Rh8 34. Bxg5 fxg5 35. Nxg5+ Bxg5 36. Qxg5 Ne8 37. b4 Qe7 38. Qg6+ Kf8 39. Rag3 Qxh4+ 40. Kg2 Ra7 41. Ba4 Qe4+ 42. Kf1 Qxc4+ 43. Kg2 Qxd5+ 44. Kf1 Qc4+ 45. Kg2 Bb7+ 46. f3 Qe2# 0-1

[Event "BEL-chT 2324"]
[Site "Belgium"]
[Date "2024.02.04"]
[Round "7.3"]
[White "Pijpers, Arthur"]
[Black "Goossens, Roel"]
[Result "1-0"]
[WhiteElo "2429"]
[BlackElo "2322"]
[PlyCount "138"]
[EventDate "2023.09.24"]
[EventType "team-tourn"]
[EventRounds "11"]
[EventCountry "BEL"]
[SourceTitle "EXT 2025"]
[Source "ChessBase"]
[SourceDate "2024.10.14"]
[SourceVersion "1"]
[SourceVersionDate "2024.10.14"]
[SourceQuality "1"]
[WhiteTeam "KGSRL"]
[BlackTeam "Leuven Centraal"]
[WhiteTeamCountry "BEL"]
[BlackTeamCountry "BEL"]

1. e4 e5 2. Nf3 Nc6 3. Bb5 a6 4. Ba4 Nf6 5. 0-0 b5 6. Bb3 Bb7 7. d3 Be7 8. c4 bxc4 9. Bxc4 d5 10. exd5 Nxd5 11. Qb3 Na5 12. Qa4+ Nc6 13. Nxe5 Qd6 14. Nxf7 Kxf7 15. Nc3 Ne5 16. Bf4 Kf8 17. Bxd5 Bxd5 18. Qd4 Bxg2 19. Qxd6 cxd6 20. Kxg2 Nxd3 21. Bg3 Bf6 22. Nd5 Kf7 23. Nxf6 gxf6 24. b3 Rhd8 25. Rfd1 Ne5 26. Rac1 Ke6 27. f4 Ng4 28. Kf3 f5 29. h3 Nf6 30. Bh4 Rd7 31. Bxf6 Kxf6 32. Rc6 Ke6 33. Re1+ Kf6 34. Rd1 Ke6 35. Ke3 a5 36. Kd4 Rb8 37. Re1+ Kf7 38. Rec1 a4 39. bxa4 Rb4+ 40. R6c4 Rb2 41. R1c2 Rxc2 42. Rxc2 Ra7 43. Kd5 Rxa4 44. Kxd6 Rxf4 45. Ke5 Rh4 46. Rc3 Kg6 47. Rg3+ Kf7 48. Kxf5 Ra4 49. a3 Ra5+ 50. Ke4 Ke6 51. Kd4 h5 52. Kc4 Ra8 53. Kb3 Rb8+ 54. Ka2 Ra8 55. Rg5 h4 56. Rg4 Rh8 57. Kb3 Kd6 58. a4 Kc5 59. Kc3 Kb6 60. Kd4 Rh5 61. Rf4 Ka5 62. Ke3 Rc5 63. Kf3 Rc3+ 64. Kg4 Rg3+ 65. Kxh4 Rg8 66. Rg4 Rh8+ 67. Kg3 Rh7 68. h4 Rh8 69. Rc4 Kb6 1-0

[Event "NED-chT 2324"]
[Site "Netherlands"]
[Date "2024.02.03"]
[Round "6.1"]
[White "Pijpers, Arthur"]
[Black "Konijn, Rob"]
[Result "1-0"]
[WhiteElo "2429"]
[BlackElo "2092"]
[PlyCount "55"]
[EventDate "2023.09.16"]
[EventType "team-tourn"]
[EventRounds "9"]
[EventCountry "NED"]
[SourceTitle "EXT 2025"]
[Source "ChessBase"]
[SourceDate "2024.10.14"]
[SourceVersion "1"]
[SourceVersionDate "2024.10.14"]
[SourceQuality "1"]
[WhiteTeam "Leiden IntelliMagic"]
[BlackTeam "De Waagtoren"]
[WhiteTeamCountry "NED"]
[BlackTeamCountry "NED"]

1. e4 e5 2. Nf3 Nc6 3. Bb5 a6 4. Ba4 Nf6 5. 0-0 Be7 6. Re1 b5 7. Bb3 0-0 8. c3 d5 9. exd5 Nxd5 10. Nxe5 Nxe5 11. Rxe5 c6 12. d4 Bd6 13. Re1 Qh4 14. g3 Qh3 15. Qf3 Bg4 16. Qg2 Qh5 17. Be3 Rae8 18. Nd2 Re6 19. f3 Nxe3 20. Qf2 Rh6 21. Rxe3 Bd7 22. Ne4 Bc7 23. f4 Bf5 24. Rae1 Bb6 25. Ng5 Rf6 26. Re8 h6 27. Rxf8+ Kxf8 28. Qe3 1-0